Prognózy versus realita Čaká nás dramatický a ťažký rok?

Hospodársky a sociálny vývoj v priebehu transformácie ekonomiky Slovenska podľa štúdie Prognostického ústavu SAV "Základné makroekonomické propozície vývoja ekonomiky Slovenska v roku 1994". Prognóza založená na troch základných predpokladoch - stabilite národnej meny, infláciu nepodporujúcej hospod...

Ausführliche Beschreibung

Gespeichert in:
Bibliographische Detailangaben
1. Verfasser: Lipianska, Ľudmila
Format: Buchkapitel
Sprache:Slowakisch
Schlagworte:
Tags: Tag hinzufügen
Keine Tags, Fügen Sie das erste Tag hinzu!

MARC

LEADER 00000naa a2200000 4500
001 r000435
005 20221205090858.7
041 0 |a slo 
044 |a SK 
245 1 0 |a Prognózy versus realita  |b Čaká nás dramatický a ťažký rok?  |c Ľudmila Lipianska 
520 |a Hospodársky a sociálny vývoj v priebehu transformácie ekonomiky Slovenska podľa štúdie Prognostického ústavu SAV "Základné makroekonomické propozície vývoja ekonomiky Slovenska v roku 1994". Prognóza založená na troch základných predpokladoch - stabilite národnej meny, infláciu nepodporujúcej hospodárskej politiky a zastavení poklesu reálnych príjmov obyvateľstva. Predpokladaná miera inflácie, zamestnanosti, tvorby hrubého domáceho produktu. 
610 2 0 |a prognózy hospodárske 
610 2 0 |a Slovensko 
610 2 0 |a 1994 
610 2 0 |a vývoj hospodársky 
100 1 |a Lipianska, Ľudmila